|
|
|
|
| LEADER |
00000nam0a2200000 4500 |
| 001 |
280815 |
| 005 |
20231101235337.0 |
| 035 |
|
|
|a (RuTPU)RU\TPU\book\304375
|
| 090 |
|
|
|a 280815
|
| 100 |
|
|
|a 20150115d1990 m y0gery50 ba
|
| 101 |
0 |
|
|a ger
|
| 102 |
|
|
|a DE
|
| 105 |
|
|
|a a z 001zy
|
| 200 |
1 |
|
|a Trasformatoren fur Wechselstrom und Drehstrom
|f G. Kapp
|
| 210 |
|
|
|a Berlin
|c Junius Springer
|d 1900
|
| 215 |
|
|
|a 282 с.
|c il.
|
| 320 |
|
|
|a Register: p. 280-282
|
| 606 |
1 |
|
|a Трансформаторы трехфазные
|2 stltpush
|3 (RuTPU)RU\TPU\subj\61533
|9 78721
|
| 610 |
1 |
|
|a теория
|
| 610 |
1 |
|
|a проектирование
|
| 610 |
1 |
|
|a применение
|
| 610 |
1 |
|
|a трансформаторы
|
| 610 |
1 |
|
|a конструкции
|
| 610 |
1 |
|
|a переменный ток
|
| 610 |
1 |
|
|a магнитное рассеяние
|
| 610 |
1 |
|
|a потери
|
| 610 |
1 |
|
|a прогрев
|
| 610 |
1 |
|
|a напряжение
|
| 610 |
1 |
|
|a холостой ход
|
| 610 |
1 |
|
|a постоянный ток
|
| 610 |
1 |
|
|a измерение
|
| 610 |
1 |
|
|a измерительные приборы
|
| 610 |
1 |
|
|a испытания
|
| 610 |
1 |
|
|a безопасность
|
| 610 |
1 |
|
|a электрические цепи
|
| 610 |
1 |
|
|a резонанс
|
| 610 |
1 |
|
|a немецкий язык
|
| 675 |
|
|
|a 621.314.25
|v 3
|
| 700 |
|
1 |
|a Kapp
|b G.
|g Gisbert
|
| 801 |
|
1 |
|a RU
|b 63413507
|c 20150115
|
| 801 |
|
2 |
|a RU
|b 63413507
|c 20200827
|g RCR
|
| 942 |
|
|
|c BK
|